000 00583nam a2200229Ia 4500
003 OSt
005 20220924145518.0
006 a|||||r|||| 00| 0
007 ta
008 PER
024 _a329009
037 _cTextual
040 _aARTS
_cARTS
_bPER
041 _2PER
_aPER
082 _aO164,6NNUx, L5
100 _aNadoshan Moahmmad Ali Islami Au.
_9219905
245 0 _aFarhang-o-shabah farhang
260 _c1975
650 _aPERSIAN PROSE
_9997
942 _hO164,6NNUx, L5
_cTEXL
_2CC
999 _c460288
_d460288